[Event "World Youth U-16 Olympiad 2018"]
[Site "Konya"]
[Date "2018.11.30"]
[Round "7"]
[White "Travadon, Loic"]
[Black "Oboladze, Luka"]
[Result "1-0"]
[WhiteElo "2310"]
[BlackElo "2318"]
[Annotator "RC"]
[PlyCount "99"]
[EventDate "2018.11.25"]
[EventType "team-tourn"]
[EventCountry "TUR"]
[SourceTitle "playchess.com"]
[Source "ChessBase"]
[SourceQuality "1"]
[WhiteTeam "France"]
[BlackTeam "Georgia"]
[WhiteTeamCountry "FRA"]
[BlackTeamCountry "GEO"]

1. e4 c5 2. Nf3 d6 3. Nc3 Nf6 4. d4 cxd4 5. Nxd4 Nc6 6. Bg5 e6 7. Qd2 Be7 8. O-O-O O-O 9. f4 Nxd4 10. Qxd4 Qa5 11. Bc4 Bd7 12. e5 dxe5 13. fxe5 Bc6 14. Bd2 Nd7 15. Nd5 Qd8 16. Nxe7+ Qxe7 17. Rhe1 b5 18. Bf1 a5 19. h4 Rfc8 20. Bg5 Qc5 21. Qxc5 Nxc5 22. Be7 Bd5 23. Bxb5 Bxa2 24. Kd2 Bd5 25. Ke3 h5 26. Ra1 a4 27. b4 axb3 28. Rxa8 Bxa8 29. Kd4 Nb7 30. cxb3 Na5 31. b4 Nc6+ 32. Bxc6 Bxc6 33. Rc1 Bb7 34. Rxc8+ Bxc8 35. Kc5 Bb7 36. g3 Kh7 37. b5 Kg6 38. Kd6 Kf5 39. Bf8 g5 40. Be7 g4 41. b6 Ke4 42. Bg5 Kf5 43. Bf4 f6 44. exf6 Kxf6 45. Kc7 Bd5 46. b7 Bxb7 47. Kxb7 e5 48. Bc1 Kf5 49. Kc6 Ke4 50. Bb2 1-0

[Event "World Youth U-16 Olympiad 2018"]
[Site "Konya"]
[Date "2018.11.30"]
[Round "7"]
[White "Sahidi, Samir"]
[Black "Ivic, Velimir"]
[Result "1-0"]
[WhiteElo "2309"]
[BlackElo "2497"]
[Annotator "TA"]
[PlyCount "107"]
[EventDate "2018.11.25"]
[EventType "team-tourn"]
[EventCountry "TUR"]
[SourceTitle "playchess.com"]
[Source "ChessBase"]
[SourceQuality "1"]
[WhiteTeam "Slovakia"]
[BlackTeam "Serbia"]
[WhiteTeamCountry "SVK"]
[BlackTeamCountry "SRB"]

1. e4 c5 2. Nf3 d6 3. Bb5+ Nd7 4. O-O a6 5. Bxd7+ Bxd7 6. h3 Nf6 7. Re1 e5 8. d3 g6 9. c4 Bg7 10. Nc3 O-O 11. Be3 b5 12. Qd2 b4 13. Ne2 Ne8 14. Bh6 f5 15. exf5 gxf5 16. Bg5 Bf6 17. Bxf6 Rxf6 18. Ng3 Ng7 19. Qg5 Qf8 20. Nh4 Kh8 21. Qd2 f4 22. Ne4 Rh6 23. Nf3 Rg6 24. Nh4 Re6 25. Kh2 Qe7 26. Nf3 Rg8 27. Neg5 Rg6 28. Qxf4 Ne6 29. Qf7 Qxf7 30. Nxf7+ Kg7 31. N7xe5 dxe5 32. Nxe5 Rd8 33. Nxg6 hxg6 34. Re5 Bc8 35. Rae1 Kf6 36. R1e3 Rd6 37. g4 a5 38. Kg3 a4 39. f4 a3 40. b3 Rc6 41. h4 Rc7 42. f5 Nd4 43. fxg6 Nxb3 44. g5+ Kxg6 45. axb3 a2 46. Re1 Rd7 47. Re6+ Kf7 48. g6+ Kf8 49. Re8+ Kg7 50. R8e7+ Rxe7 51. Rxe7+ Kxg6 52. Ra7 Bf5 53. Rxa2 Bxd3 54. Kf4 1-0

[Event "World Youth U-16 Olympiad 2018"]
[Site "Konya"]
[Date "2018.11.30"]
[Round "7"]
[White "Gorti, Akshita"]
[Black "Gholami Orimi, Mahdi"]
[Result "0-1"]
[WhiteElo "2308"]
[BlackElo "2326"]
[Annotator "TA"]
[PlyCount "58"]
[EventDate "2018.11.25"]
[EventType "team-tourn"]
[EventCountry "TUR"]
[SourceTitle "playchess.com"]
[Source "ChessBase"]
[SourceQuality "1"]
[WhiteTeam "United States"]
[BlackTeam "Iran"]
[WhiteTeamCountry "USA"]
[BlackTeamCountry "IRI"]

1. Nf3 Nf6 2. e3 e6 3. c4 d5 4. b3 Nbd7 5. Bb2 b6 6. Nc3 Bb7 7. cxd5 exd5 8. Be2 a6 9. O-O Bd6 10. d4 O-O 11. Rc1 Re8 12. Qc2 Rc8 13. h3 c5 14. Rfd1 h6 15. Qb1 Qe7 16. dxc5 bxc5 17. Rc2 Ne5 18. Ne1 Bb8 19. Bf1 Qc7 20. g3 d4 21. exd4 cxd4 22. Rxd4 Ba7 23. Nd5 Qxc2 24. Nxc2 Nf3+ 25. Kh1 Bxd4 26. Nxd4 Re1 27. Qd3 Ne5 28. Qf5 Nxd5 29. Kg1 g6 0-1

[Event "World Youth U-16 Olympiad 2018"]
[Site "Konya"]
[Date "2018.11.30"]
[Round "7"]
[White "Mis, Mieszko"]
[Black "Mejia Granados, Paulina Isabel"]
[Result "1-0"]
[WhiteElo "2307"]
[BlackElo "1839"]
[Annotator "TA"]
[PlyCount "109"]
[EventDate "2018.11.25"]
[EventType "team-tourn"]
[EventCountry "TUR"]
[SourceTitle "playchess.com"]
[Source "ChessBase"]
[SourceQuality "1"]
[WhiteTeam "Poland"]
[BlackTeam "Mexico"]
[WhiteTeamCountry "POL"]
[BlackTeamCountry "MEX"]

1. c4 Nf6 2. Nf3 g6 3. g3 Bg7 4. Bg2 O-O 5. O-O c5 6. Nc3 d5 7. cxd5 Nxd5 8. Qb3 Nc7 9. d3 Nc6 10. Be3 Ne6 11. Rac1 Rb8 12. Qa4 a6 13. Ne4 Bxb2 14. Rb1 Bd4 15. Nxd4 Ncxd4 16. Qa3 Nc2 17. Qc3 Nxe3 18. fxe3 b5 19. Nxc5 Nxc5 20. Qxc5 Be6 21. a3 Qb6 22. Qxb6 Rxb6 23. Rfc1 Bg4 24. Rc2 a5 25. Kf2 Be6 26. d4 b4 27. d5 Bd7 28. axb4 axb4 29. Rc7 Rd8 30. e4 Kf8 31. Ke3 Ke8 32. Kd4 Rdb8 33. Rb2 Ra6 34. Rc4 b3 35. Rc3 Ra4+ 36. Ke3 Rab4 37. h3 Kd8 38. Rd3 Kc7 39. e5 Bb5 40. Rdxb3 Rxb3+ 41. Rxb3 Rb6 42. Bf3 Bd7 43. Rc3+ Kd8 44. h4 h6 45. Ra3 f6 46. Ra8+ Bc8 47. d6 Rb3+ 48. Kf2 exd6 49. exf6 Rc3 50. Bg4 Ke8 51. Rxc8+ Rxc8 52. Bxc8 Kf7 53. Ke3 Kxf6 54. Kd4 h5 55. Ke4 1-0

[Event "World Youth U-16 Olympiad 2018"]
[Site "Konya"]
[Date "2018.11.30"]
[Round "7"]
[White "Veiga, Jose Francisco R P "]
[Black "Hereklioglu, Sude"]
[Result "1-0"]
[WhiteElo "2305"]
[BlackElo "1959"]
[Annotator "TA"]
[PlyCount "65"]
[EventDate "2018.11.25"]
[EventType "team-tourn"]
[EventCountry "TUR"]
[SourceTitle "playchess.com"]
[Source "ChessBase"]
[SourceQuality "1"]
[WhiteTeam "Portugal"]
[BlackTeam "Turkey"]
[WhiteTeamCountry "POR"]
[BlackTeamCountry "TUR"]

1. e4 c5 2. Nf3 Nc6 3. d4 cxd4 4. Nxd4 Nf6 5. Nc3 e6 6. Ndb5 Bb4 7. a3 Bxc3+ 8. Nxc3 d5 9. Bd3 O-O 10. O-O b6 11. Bg5 d4 12. Nb1 h6 13. Bh4 g5 14. Bg3 Bb7 15. f4 Nd7 16. fxg5 hxg5 17. Bd6 Re8 18. Rxf7 Nf6 19. Bc7 Kxf7 20. Bxd8 Raxd8 21. Nd2 Ne5 22. Nf3 Nxf3+ 23. Qxf3 g4 24. Qf4 Ke7 25. Rf1 Rf8 26. Qg5 g3 27. hxg3 Rf7 28. Rxf6 Rxf6 29. e5 Rdf8 30. exf6+ Rxf6 31. Qg7+ Rf7 32. Qxd4 Rf8 33. Qb4+ 1-0

[Event "World Youth U-16 Olympiad 2018"]
[Site "Konya"]
[Date "2018.11.30"]
[Round "7"]
[White "Cohen Revivo, Shoham"]
[Black "Isik, Alparslan"]
[Result "0-1"]
[WhiteElo "2299"]
[BlackElo "2220"]
[Annotator "TA"]
[PlyCount "96"]
[EventDate "2018.11.25"]
[EventType "team-tourn"]
[EventCountry "TUR"]
[SourceTitle "playchess.com"]
[Source "ChessBase"]
[SourceQuality "1"]
[WhiteTeam "Israel"]
[BlackTeam "Turkey"]
[WhiteTeamCountry "ISR"]
[BlackTeamCountry "TUR"]

1. e4 d6 2. d4 Nf6 3. Nc3 e5 4. Nf3 Nbd7 5. Bc4 Be7 6. O-O O-O 7. a4 a5 8. Re1 c6 9. Ba2 exd4 10. Nxd4 Nc5 11. Bg5 Qb6 12. Qd2 Re8 13. Kh1 Bd7 14. f3 Rad8 15. Nb3 Be6 16. Nd4 Bc8 17. Be3 Qc7 18. Rad1 Bf8 19. Qf2 g6 20. Bg5 Be7 21. Ndb5 Qb8 22. Nxd6 Rxd6 23. Rxd6 Bxd6 24. Bxf6 Nd7 25. e5 Bxe5 26. f4 Nxf6 27. fxe5 Rxe5 28. Ne4 Nd5 29. c4 Bf5 30. Qg3 Kg7 31. cxd5 Rxe4 32. Qc3+ f6 33. Rd1 Qe5 34. Qxe5 fxe5 35. dxc6 bxc6 36. b3 Be6 37. Kg1 Re2 38. Bb1 Bd5 39. Kf1 Rb2 40. Bd3 Bxg2+ 41. Ke1 Bf3 42. Rc1 Rxh2 43. Rc5 e4 44. Bf1 e3 45. Re5 e2 46. Bxe2 Rxe2+ 47. Rxe2 Bxe2 48. Kxe2 c5 0-1

[Event "World Youth U-16 Olympiad 2018"]
[Site "Konya"]
[Date "2018.11.30"]
[Round "7"]
[White "Ozenir, Ekin Baris"]
[Black "Isanzhulov, Arystan"]
[Result "0-1"]
[WhiteElo "2293"]
[BlackElo "2284"]
[Annotator "RC"]
[PlyCount "82"]
[EventDate "2018.11.25"]
[EventType "team-tourn"]
[EventCountry "TUR"]
[SourceTitle "playchess.com"]
[Source "ChessBase"]
[SourceQuality "1"]
[WhiteTeam "Turkey"]
[BlackTeam "Kazakhstan"]
[WhiteTeamCountry "TUR"]
[BlackTeamCountry "KAZ"]

1. d4 Nf6 2. Bg5 d5 3. e3 Nbd7 4. c4 e6 5. Nc3 c6 6. cxd5 exd5 7. Bd3 Be7 8. Nge2 O-O 9. O-O Ne8 10. Bf4 Bd6 11. Qc2 g6 12. Bxd6 Nxd6 13. b4 a6 14. a4 Nb6 15. b5 Bf5 16. Bxf5 Nxf5 17. bxc6 bxc6 18. e4 Ng7 19. Rfc1 Ne6 20. Qd3 Re8 21. a5 Nc8 22. e5 Ne7 23. Nd1 f5 24. exf6 Nf5 25. Ne3 Nxe3 26. fxe3 Qd6 27. Rab1 Nd8 28. Rf1 Qe6 29. Rf3 Nf7 30. Nf4 Qd6 31. Nxg6 Re4 32. Ne7+ Kh8 33. Rb7 Rf8 34. Qf1 Qe6 35. Qxa6 Rxe3 36. Rf1 Nd6 37. Rbb1 Qg4 38. Qxc6 Re2 39. Qxd5 Ne4 40. g3 Qh3 41. Rf2 Rxf2 0-1

[Event "World Youth U-16 Olympiad 2018"]
[Site "Konya"]
[Date "2018.11.30"]
[Round "7"]
[White "Csiki, Endre"]
[Black "Kerimkulov, Omurbek"]
[Result "1-0"]
[WhiteElo "2282"]
[BlackElo "1557"]
[Annotator "RC"]
[PlyCount "59"]
[EventDate "2018.11.25"]
[EventType "team-tourn"]
[EventCountry "TUR"]
[SourceTitle "playchess.com"]
[Source "ChessBase"]
[SourceQuality "1"]
[WhiteTeam "Hungary"]
[BlackTeam "Kyrgyzstan"]
[WhiteTeamCountry "HUN"]
[BlackTeamCountry "KGZ"]

1. e4 e6 2. d4 d5 3. Nd2 Nf6 4. e5 Nfd7 5. Bd3 c5 6. c3 Nc6 7. Ne2 cxd4 8. cxd4 f6 9. Nf4 Qe7 10. exf6 Nxf6 11. Nf3 g6 12. O-O Bh6 13. Nxd5 Nxd5 14. Bxh6 Bd7 15. Re1 Qd6 16. Rc1 O-O-O 17. Ne5 Be8 18. Bb5 Kb8 19. Bxc6 Bxc6 20. Bg7 Ne7 21. Bxh8 Rxh8 22. Nf7 Qd5 23. Rxc6 Rf8 24. Rc5 Qxa2 25. Ne5 Rd8 26. Qc2 Rxd4 27. Rc7 Qa5 28. Rc1 a6 29. Nf3 Nc6 30. Rxc6 1-0

[Event "World Youth U-16 Olympiad 2018"]
[Site "Konya"]
[Date "2018.11.30"]
[Round "7"]
[White "Subelj, Jan"]
[Black "Baenziger, Fabian"]
[Result "1-0"]
[WhiteElo "2281"]
[BlackElo "2355"]
[Annotator "TA"]
[PlyCount "91"]
[EventDate "2018.11.25"]
[EventType "team-tourn"]
[EventCountry "TUR"]
[SourceTitle "playchess.com"]
[Source "ChessBase"]
[SourceQuality "1"]
[WhiteTeam "Slovenia"]
[BlackTeam "Switzerland"]
[WhiteTeamCountry "SLO"]
[BlackTeamCountry "SUI"]

1. e4 e5 2. Nf3 Nc6 3. Bb5 a6 4. Ba4 Nf6 5. O-O b5 6. Bb3 Bc5 7. c3 d6 8. d3 h6 9. Re1 O-O 10. Nbd2 Bb6 11. Nf1 Ne7 12. a4 Rb8 13. Ng3 Ng6 14. h3 Re8 15. d4 Bb7 16. Bc2 exd4 17. cxd4 c5 18. d5 c4 19. axb5 axb5 20. b4 Nd7 21. Bb2 Nde5 22. Nf5 Bc8 23. N3d4 Nf4 24. Ra3 Nfd3 25. Bxd3 cxd3 26. Rxd3 Nxd3 27. Qxd3 Bxd4 28. Nxd4 Rb7 29. Nxb5 f5 30. Qg3 Rxe4 31. Rxe4 fxe4 32. Nxd6 Rd7 33. Nxe4 Kf8 34. Nc5 Rf7 35. Qb8 Qe8 36. Be5 Rf5 37. f4 Kg8 38. b5 Rf8 39. b6 Qb5 40. Qc7 Qb1+ 41. Kh2 Qg6 42. b7 Bxb7 43. Qxb7 h5 44. Ne6 Rf7 45. Qc8+ Kh7 46. Ng5+ 1-0

[Event "World Youth U-16 Olympiad 2018"]
[Site "Konya"]
[Date "2018.11.30"]
[Round "7"]
[White "Sprenar, Petr"]
[Black "Gokcek, Kursat Bugra"]
[Result "0-1"]
[WhiteElo "2268"]
[BlackElo "2010"]
[Annotator "TA"]
[PlyCount "100"]
[EventDate "2018.11.25"]
[EventType "team-tourn"]
[EventCountry "TUR"]
[SourceTitle "playchess.com"]
[Source "ChessBase"]
[SourceQuality "1"]
[WhiteTeam "Czech Republic"]
[BlackTeam "Turkey"]
[WhiteTeamCountry "CZE"]
[BlackTeamCountry "TUR"]

1. d4 Nf6 2. c4 g6 3. g3 Bg7 4. Bg2 O-O 5. Nf3 d6 6. O-O c5 7. Nc3 Nc6 8. d5 Na5 9. Nd2 a6 10. Qc2 Rb8 11. b3 b5 12. Bb2 bxc4 13. bxc4 Bh6 14. e3 Bf5 15. Nce4 Nxe4 16. Bxe4 Bxe4 17. Nxe4 Nxc4 18. Qxc4 Rxb2 19. Qxa6 Qa8 20. Qxa8 Rxa8 21. Rfb1 Bg7 22. Rxb2 Bxb2 23. Rd1 Rxa2 24. Rd2 f5 25. Ng5 Ra1+ 26. Kg2 Bf6 27. h4 c4 28. Kf3 c3 29. Rc2 Rd1 30. e4 h6 31. Nh3 fxe4+ 32. Kxe4 Rd4+ 33. Ke3 Rxd5 34. Nf4 Re5+ 35. Kd3 g5 36. hxg5 hxg5 37. Ne2 Rd5+ 38. Ke3 Kf7 39. f4 gxf4+ 40. gxf4 Rh5 41. Ng1 d5 42. Kd3 Rh8 43. Rf2 Rb8 44. Nf3 Rb2 45. Rf1 Rb4 46. Ng5+ Kg6 47. Ne6 Kf5 48. Nc7 Rd4+ 49. Ke3 Rd2 50. Nb5 d4+ 0-1

[Event "World Youth U-16 Olympiad 2018"]
[Site "Konya"]
[Date "2018.11.30"]
[Round "7"]
[White "Haring, Filip"]
[Black "Milosevic, Milos"]
[Result "0-1"]
[WhiteElo "2258"]
[BlackElo "2293"]
[Annotator "TA"]
[PlyCount "85"]
[EventDate "2018.11.25"]
[EventType "team-tourn"]
[EventCountry "TUR"]
[SourceTitle "playchess.com"]
[Source "ChessBase"]
[SourceQuality "1"]
[WhiteTeam "Slovakia"]
[BlackTeam "Serbia"]
[WhiteTeamCountry "SVK"]
[BlackTeamCountry "SRB"]

1. e4 c5 2. Nf3 Nc6 3. d4 cxd4 4. Nxd4 e5 5. Nb5 d6 6. N1c3 a6 7. Na3 b5 8. Nd5 Nge7 9. Bg5 h6 10. Be3 Nxd5 11. exd5 Ne7 12. c4 Nf5 13. Bd2 Be7 14. Bd3 O-O 15. O-O Bf6 16. Be4 Nd4 17. Kh1 Bd7 18. Rc1 Rb8 19. b4 bxc4 20. Nxc4 Qe7 21. Na5 Qe8 22. Nc6 Rc8 23. Qa4 Ra8 24. Rfe1 Bd8 25. Bd3 f5 26. b5 Bb6 27. bxa6 Kh8 28. Be3 f4 29. Bxd4 Bxd4 30. Qc2 Bb6 31. f3 Rf6 32. Qb2 Be3 33. Rb1 Bc8 34. Qa3 Bc5 35. Qa5 Qd7 36. Rb7 Bxb7 37. axb7 Qxb7 38. Qd2 Be3 39. Qe2 Qb6 40. Rb1 Qc5 41. Qb2 Qxd5 42. Be4 Qd2 43. Qxd2 0-1

[Event "World Youth U-16 Olympiad 2018"]
[Site "Konya"]
[Date "2018.11.30"]
[Round "7"]
[White "Amon, Nejc"]
[Black "Kreutzmann, Duke"]
[Result "1/2-1/2"]
[WhiteElo "2257"]
[BlackElo "2049"]
[Annotator "RC"]
[PlyCount "132"]
[EventDate "2018.11.25"]
[EventType "team-tourn"]
[EventCountry "TUR"]
[SourceTitle "playchess.com"]
[Source "ChessBase"]
[SourceQuality "1"]
[WhiteTeam "Slovenia"]
[BlackTeam "Switzerland"]
[WhiteTeamCountry "SLO"]
[BlackTeamCountry "SUI"]

1. e4 e6 2. d4 d5 3. Bd3 c5 4. exd5 exd5 5. Nf3 Nf6 6. O-O Be7 7. dxc5 O-O 8. Nc3 Nc6 9. Bg5 h6 10. Bh4 Bg4 11. Bxf6 Bxf6 12. Nxd5 Bxb2 13. Rb1 Nd4 14. Be4 Re8 15. Qd3 f5 16. Rxb2 Rxe4 17. Nxd4 Qxd5 18. Nb3 Qe5 19. f3 Re3 20. Qd4 Bh5 21. Qxe5 Rxe5 22. f4 Re2 23. Nd4 Rd2 24. Nxf5 Rd7 25. Rfb1 Bg6 26. Ng3 b6 27. cxb6 axb6 28. Rxb6 Bxc2 29. Rb8+ Rxb8 30. Rxb8+ Kf7 31. h3 Ra7 32. Rb2 Bd3 33. Ne2 Bc4 34. Nc1 Ke6 35. Kf2 Kf5 36. Rd2 Bf7 37. Ke3 h5 38. Rb2 Ra3+ 39. Nb3 h4 40. Kd4 Ra4+ 41. Kd3 Bg6 42. Rf2 Rxf4 43. Ke3 Rxf2 44. Kxf2 Bf7 45. Nc1 Ke4 46. a3 Bc4 47. Ne2 g5 48. Ng1 Kf4 49. Nf3 Bb5 50. Nd4 Bd7 51. Ne2+ Ke4 52. a4 g4 53. hxg4 Bxg4 54. Ng1 Kd4 55. Nf3+ Kc5 56. Nxh4 Kb4 57. Kg3 Bh5 58. Nf3 Be8 59. Kf4 Bxa4 60. g4 Kc5 61. Nh4 Be8 62. Nf5 Kd5 63. Kg5 Ke5 64. Nh6 Bd7 65. Nf5 Bb5 66. Ng3 Bd7 1/2-1/2

[Event "World Youth U-16 Olympiad 2018"]
[Site "Konya"]
[Date "2018.11.30"]
[Round "7"]
[White "Kerem, Halil Ozgun"]
[Black "Parkhov, Yair"]
[Result "0-1"]
[WhiteElo "2248"]
[BlackElo "2330"]
[Annotator "RC"]
[PlyCount "110"]
[EventDate "2018.11.25"]
[EventType "team-tourn"]
[EventCountry "TUR"]
[SourceTitle "playchess.com"]
[Source "ChessBase"]
[SourceQuality "1"]
[WhiteTeam "Turkey"]
[BlackTeam "Israel"]
[WhiteTeamCountry "TUR"]
[BlackTeamCountry "ISR"]

1. d4 Nf6 2. Bf4 e6 3. e3 d5 4. Nd2 c5 5. c3 Nc6 6. Ngf3 Bd6 7. Bg3 Be7 8. h3 Bd6 9. Bxd6 Qxd6 10. Bd3 O-O 11. O-O e5 12. dxe5 Nxe5 13. Nxe5 Qxe5 14. a4 Bf5 15. Nf3 Qe6 16. Bxf5 Qxf5 17. Qb3 Qd7 18. Rfd1 Qc6 19. Rd2 Qb6 20. Qb5 Rfe8 21. Rad1 Qxb5 22. axb5 a6 23. bxa6 Rxa6 24. Ne1 g5 25. g3 h6 26. Nf3 Kg7 27. Nh2 Ra2 28. b4 Rxd2 29. Rxd2 c4 30. Ra2 Ne4 31. Ra3 Re6 32. f3 Nd2 33. Ra5 Nb1 34. Rxd5 Nxc3 35. Rc5 b5 36. Ng4 Na4 37. Rc7 h5 38. Nf2 Rxe3 39. Kg2 Nc3 40. Rc5 f6 41. Ne4 Nxe4 42. fxe4 Rxe4 43. Rxb5 Re2+ 44. Kf3 Rh2 45. Rc5 h4 46. g4 Rxh3+ 47. Ke4 Rg3 48. Kf5 Rf3+ 49. Ke6 Re3+ 50. Kd6 c3 51. b5 h3 52. b6 h2 53. b7 Re8 54. Rc8 h1=Q 55. b8=Q Qh2+ 0-1

[Event "World Youth U-16 Olympiad 2018"]
[Site "Konya"]
[Date "2018.11.30"]
[Round "7"]
[White "Bekturov, Tamerlan"]
[Black "Tanriverdi, Enes"]
[Result "0-1"]
[WhiteElo "2244"]
[BlackElo "2317"]
[Annotator "RC"]
[PlyCount "82"]
[EventDate "2018.11.25"]
[EventType "team-tourn"]
[EventCountry "TUR"]
[SourceTitle "playchess.com"]
[Source "ChessBase"]
[SourceQuality "1"]
[WhiteTeam "Kazakhstan"]
[BlackTeam "Turkey"]
[WhiteTeamCountry "KAZ"]
[BlackTeamCountry "TUR"]

1. d4 Nf6 2. c4 c5 3. d5 e6 4. Nc3 exd5 5. cxd5 d6 6. e4 g6 7. f4 Bg7 8. Bb5+ Nfd7 9. a4 O-O 10. Nf3 Na6 11. O-O Nb4 12. Re1 a6 13. Bf1 Re8 14. h3 f5 15. Qb3 fxe4 16. Nxe4 Nf6 17. Nxf6+ Bxf6 18. Bd2 Rxe1 19. Rxe1 Bf5 20. Bc3 Rb8 21. g4 Bd7 22. Nd2 Bh4 23. Re4 h5 24. Be2 Bg3 25. Kg2 h4 26. Nf3 Qf8 27. Ng5 Re8 28. Ne6 Qf7 29. f5 Nxd5 30. Bc4 Bxe6 31. Kg1 Nc7 32. Bxe6 Rxe6 33. Rxe6 Nxe6 34. Qxe6 Qxe6 35. fxe6 Be5 36. Bd2 Bxb2 37. Bg5 c4 38. Kf1 b5 39. axb5 axb5 40. Ke2 b4 41. Kd1 b3 0-1

[Event "World Youth U-16 Olympiad 2018"]
[Site "Konya"]
[Date "2018.11.30"]
[Round "7"]
[White "Lazavik, Denis"]
[Black "Song, Yuxin"]
[Result "1/2-1/2"]
[WhiteElo "2235"]
[BlackElo "2178"]
[Annotator "RC"]
[PlyCount "135"]
[EventDate "2018.11.25"]
[EventType "team-tourn"]
[EventCountry "TUR"]
[SourceTitle "playchess.com"]
[Source "ChessBase"]
[SourceQuality "1"]
[WhiteTeam "Belarus"]
[BlackTeam "China"]
[WhiteTeamCountry "BLR"]
[BlackTeamCountry "CHN"]

1. d4 Nf6 2. c4 e6 3. Nf3 d5 4. Nc3 Nbd7 5. Bg5 h6 6. Bh4 Be7 7. e3 O-O 8. cxd5 Nxd5 9. Bxe7 Qxe7 10. Be2 Nxc3 11. bxc3 c5 12. O-O b6 13. a4 Bb7 14. a5 Rfc8 15. Qb3 Qd6 16. Qa3 e5 17. Rfd1 Qe6 18. Rac1 cxd4 19. cxd4 exd4 20. Nxd4 Qg6 21. Bf3 Bxf3 22. Nxf3 Nc5 23. h3 Rd8 24. Nd4 Qe4 25. Rb1 Ne6 26. Nf3 Rxd1+ 27. Rxd1 Nc5 28. Ra1 Rd8 29. axb6 axb6 30. Qa7 Qb7 31. Qa3 Ne6 32. Rb1 b5 33. Qb4 Rb8 34. Nh4 Qd5 35. Qa5 Qd3 36. Qb4 Rc8 37. Kh2 Rc2 38. Qxb5 Qxb5 39. Rxb5 Rxf2 40. Kg3 Rf1 41. Nf3 g6 42. Nh2 Re1 43. Kf2 Rc1 44. Ng4 Kg7 45. Rb7 Rc2+ 46. Kg3 Rc3 47. Kh2 h5 48. Ne5 Nd8 49. Rd7 Rxe3 50. Nxg6 Kxg6 51. Rxd8 f6 52. Rg8+ Kf7 53. Rg3 Re4 54. Kg1 Re2 55. Kf1 Ra2 56. h4 Ra4 57. Rh3 Ra2 58. Rf3 Kg6 59. g3 Rb2 60. Rf2 Rxf2+ 61. Kxf2 Kf5 62. Kf3 Ke5 63. g4 hxg4+ 64. Kxg4 Ke6 65. h5 Kf7 66. Kf5 Kg7 67. h6+ Kxh6 68. Kxf6 1/2-1/2

[Event "World Youth U-16 Olympiad 2018"]
[Site "Konya"]
[Date "2018.11.30"]
[Round "7"]
[White "Wang, Yanbin"]
[Black "Badelka, Olga"]
[Result "1-0"]
[WhiteElo "2220"]
[BlackElo "2390"]
[Annotator "TA"]
[PlyCount "113"]
[EventDate "2018.11.25"]
[EventType "team-tourn"]
[EventCountry "TUR"]
[SourceTitle "playchess.com"]
[Source "ChessBase"]
[SourceQuality "1"]
[WhiteTeam "China"]
[BlackTeam "Belarus"]
[WhiteTeamCountry "CHN"]
[BlackTeamCountry "BLR"]

1. Nf3 c5 2. e4 Nc6 3. Bb5 e6 4. Bxc6 bxc6 5. O-O d5 6. Re1 Ne7 7. d3 Ng6 8. b3 f6 9. Nc3 Bd6 10. exd5 cxd5 11. Nxd5 Bxh2+ 12. Nxh2 Qxd5 13. Qf3 Qxf3 14. Nxf3 Bd7 15. Nd2 f5 16. Nc4 O-O 17. Ba3 Rfc8 18. Ne5 Nxe5 19. Rxe5 c4 20. dxc4 a5 21. Rd1 Ra7 22. Bc5 Rb7 23. a4 Kf7 24. Bd4 Bc6 25. Bc3 g5 26. f3 g4 27. Kf2 gxf3 28. gxf3 Bxa4 29. bxa4 Rxc4 30. Rd3 Rxa4 31. Rc5 Ra7 32. Be5 Rh4 33. Rd1 Kg6 34. Rc6 f4 35. Rg1+ Kf5 36. Rc5 Rh2+ 37. Rg2 Rxg2+ 38. Kxg2 Kg6 39. Kh3 a4 40. Kg4 a3 41. Rc7 h5+ 42. Kxf4 Ra4+ 43. Ke3 a2 44. Ba1 h4 45. f4 Rb4 46. Rg7+ Kh6 47. Ra7 h3 48. Bg7+ Kg6 49. Be5 Kf5 50. Rxa2 Rb1 51. c4 Kg4 52. Rh2 Re1+ 53. Kd4 Kg3 54. f5+ Rxe5 55. Rxh3+ Kxh3 56. Kxe5 exf5 57. Kxf5 1-0

[Event "World Youth U-16 Olympiad 2018"]
[Site "Konya"]
[Date "2018.11.30"]
[Round "7"]
[White "Kara, Yanki"]
[Black "Katkov, Michelle"]
[Result "1-0"]
[WhiteElo "2212"]
[BlackElo "1847"]
[Annotator "RC"]
[PlyCount "123"]
[EventDate "2018.11.25"]
[EventType "team-tourn"]
[EventCountry "TUR"]
[SourceTitle "playchess.com"]
[Source "ChessBase"]
[SourceQuality "1"]
[WhiteTeam "Turkey"]
[BlackTeam "Israel"]
[WhiteTeamCountry "TUR"]
[BlackTeamCountry "ISR"]

1. Nf3 Nf6 2. g3 d5 3. Bg2 c6 4. O-O Bg4 5. d3 Nbd7 6. Nbd2 e5 7. e4 dxe4 8. dxe4 Bc5 9. Qe1 O-O 10. h3 Bxf3 11. Nxf3 a5 12. Nh4 Re8 13. Bg5 h6 14. Bd2 Nf8 15. Rd1 N6d7 16. Nf5 b6 17. Qe2 Qf6 18. Qg4 Kh8 19. Kh1 Rad8 20. a3 Ne6 21. b4 axb4 22. axb4 Bf8 23. Bc3 Qg5 24. Qe2 c5 25. bxc5 bxc5 26. Bd2 Qg6 27. c3 Nc7 28. Ra1 Ra8 29. Rfd1 Qe6 30. Bf1 Nb6 31. Ne3 Red8 32. Rxa8 Rxa8 33. Rb1 Qc6 34. f3 Ra2 35. Qd1 c4 36. Ra1 Rxa1 37. Qxa1 Qb5 38. Qa7 Bd6 39. Qa2 Qc5 40. Kg2 Nb5 41. Nxc4 Bc7 42. Be3 Qc6 43. Nxb6 Bxb6 44. Bxb6 Nxc3 45. Qc4 Qxb6 46. Qxc3 Qd6 47. Qe3 Qc6 48. Qb3 Qc7 49. Bc4 Kg8 50. h4 g6 51. Qa4 Kg7 52. Bd5 h5 53. Qc6 Qe7 54. Qc8 Qd6 55. Qe8 Qc7 56. Kh3 Qa7 57. Qxe5+ Kg8 58. Qf6 Kf8 59. Qxf7+ Qxf7 60. Bxf7 Kxf7 61. g4 hxg4+ 62. Kxg4 1-0

[Event "World Youth U-16 Olympiad 2018"]
[Site "Konya"]
[Date "2018.11.30"]
[Round "7"]
[White "Skalsky, Alexandr"]
[Black "Caputcuoglu, Zeki Berke"]
[Result "0-1"]
[WhiteElo "2202"]
[BlackElo "2156"]
[Annotator "RC"]
[PlyCount "82"]
[EventDate "2018.11.25"]
[EventType "team-tourn"]
[EventCountry "TUR"]
[SourceTitle "playchess.com"]
[Source "ChessBase"]
[SourceQuality "1"]
[WhiteTeam "Czech Republic"]
[BlackTeam "Turkey"]
[WhiteTeamCountry "CZE"]
[BlackTeamCountry "TUR"]

1. e4 e5 2. Nf3 Nc6 3. d4 exd4 4. Nxd4 g6 5. Nc3 Bg7 6. Nxc6 bxc6 7. Bc4 Rb8 8. Qf3 Qf6 9. Qg3 d6 10. O-O Ne7 11. Bb3 h6 12. Be3 a5 13. h4 O-O 14. Rad1 c5 15. Bg5 hxg5 16. hxg5 Qe5 17. f4 Nf5 18. exf5 Qxf5 19. Nd5 Re8 20. Nxc7 Re4 21. c4 Bb7 22. Bc2 Bd4+ 23. Rxd4 cxd4 24. Bxe4 Bxe4 25. Nb5 Qc5 26. f5 d3+ 27. Kh1 Qe5 28. Qxe5 dxe5 29. f6 d2 30. Nc3 Bc2 31. c5 e4 32. c6 e3 33. Kg1 e2 34. Nxe2 d1=Q 35. Rxd1 Bxd1 36. Nc3 Bg4 37. b3 Be6 38. c7 Rc8 39. Nb5 Bd7 40. Nd6 Rxc7 41. Kf2 Rc2+ 0-1